000 00376nam a2200169Ia 4500
008 210210b1956 xxu||||| |||| 00| 0 eng d
041 _aeng
082 _a822/166
100 _aBRANDER (L) Ed
245 _aWay we go
260 _aLondon
_bOxford University Press
_c1956
650 _awe
650 _aWay
650 _ago
690 _aEnglish Prose
906 _a012353
999 _c131148
_d131148